Movie Title Typos 3 Quiz Stats

Quiz not verified by Sporcle

Challenge
Share
Tweet
Embed
Score 0/30 Timer 10:00
0 Plays Today
% Correct
The Big Shirt
97.7%
The Social Petwork
97.7%
Tree Willy
97.7%
The Bucket Fist
96.5%
Cocky Balboa
96.5%
Driving Miss Dairy
96.5%
Hume Alone
96.5%
Karate Sid
96.5%
Mystic Liver
96.5%
Rational Treasure
96.5%
RoboBop
96.5%
Berry Maguire
95.3%
The Fast and the Curious
95.3%
The Fault in Our Stags
95.3%
I Love You, Han
95.3%
% Correct
Olympus Has Fallon
95.3%
Peep Impact
95.3%
The Danish Gill
94.2%
The Deported
94.2%
Up in the Mir
94.2%
Where the Mild Things Are
94.2%
Natural Born Kellers
93%
Red Yawn
93%
Honeyball
91.9%
Secretarial
91.9%
The Secret Wife of Walter Mitty
91.9%
To Bill A Mockingbird
91.9%
Gran Totino
90.7%
Big Fisk
87.2%
16 Flocks
84.9%

You're not logged in!

Compare scores with friends on all Sporcle quizzes.
Sign Up with Email
OR
Log In

You Might Also Like...

Show Comments

Extras

Top Quizzes Today


Score Distribution

Your Account Isn't Verified!

In order to create a playlist on Sporcle, you need to verify the email address you used during registration. Go to your Sporcle Settings to finish the process.